000 00980nam a22003017a 4500
003 CHAP
005 20220329143854.0
008 120411s2009 mx r 00010 spa d
010 _a103059
011 _a104031
020 _a9786074900064
035 _a114720
040 _cCHAP
082 0 4 _a863
_bAg93
100 1 _aAguilar, Oscar.
_92894
245 1 0 _aMaisha y el hombre lobo
_c/por Oscar Aguilar
260 _aToluca, Méx. :
_bGobierno del Estado de México,
_c2009
300 _a149 p.
490 0 _aBiblioteca Mexiquense del Bicentenario.
_pPiedra de fundación
590 _aBATCH-UPD
_b10
_c20130110
_lUCH01
_h1923
590 _aBATCH-UPD
_b10
_c20130410
_lUCH01
_h0918
590 _aCONVERSION
_b10
_c20130109
_lUCH01
_h1357
650 0 4 _aLiteratura mexicana.
_967138
830 0 _aBiblioteca Mexiquense del Bicentenario.
_pPiedra de fundación
_912439
901 _aBK
942 _cLIBRO
949 _a863 Ag93
_bBC
_cLIBRO
_d33724002323058
_eLIBRO
_h116748
_i114720
_si
999 _c103059
_d103059